Integrated design of a fermentation plant: the production of baker's yeast
Saved in:
| Hovedforfatter: | |
|---|---|
| Format: | Bog |
| Sprog: | engelsk |
| Udgivet: |
Weinheim
VCH
1994
|
| Fag: | |
| Tags: |
Tilføj Tag
Ingen Tags, Vær først til at tagge denne postø!
|
MARC
| LEADER | 00000nam a2200000 a 4500 | ||
|---|---|---|---|
| 001 | UCY7551 | ||
| 003 | CL-VaPUC | ||
| 008 | 950614e19940000GW |||||||||||||||||eng|d | ||
| 082 | 0 | 4 | |a 664.024 |b KRI |2 21 |
| 100 | |a Kristiansen, Bjorn |e author |9 502156 | ||
| 245 | 1 | 0 | |a Integrated design of a fermentation plant: the production of baker's yeast |
| 300 | |a 86 p+1 diskette | ||
| 942 | |c BK | ||
| 945 | |d 19950614 00:00:00 |a awong | ||
| 260 | |a Weinheim |b VCH |c 1994 | ||
| 650 | 0 | |a Modelos de simulación |9 338081 | |
| 650 | 7 | |a LEVADURAS |2 CL-VaPUC |9 338082 | |
| 650 | 0 | |a Fermentación |9 259565 | |
| 650 | 0 | |a Bioquímica |9 259492 | |
| 650 | 0 | |a Industria alimentaria |9 331702 | |
| 583 | |a last modification |c 19950614 00:00:00 |k Rodrigo Vera | ||
| 999 | |c 234894 |d 234892 | ||
| 952 | |0 0 |1 0 |4 0 |6 664_024000000000000_KRI_1994 |7 0 |8 A |9 241673 |a BIBING |b BIBING |d 2019-11-18 |i 3090299 |o 664.024 KRI 1994 |p 3090299 |r 2025-01-20 |w 2019-11-18 |y BK |k EIB | ||